[Event "XI Paracin Festival 2018"]
[Site "Paracin"]
[Date "2018.07.09"]
[Round "4"]
[White "Arsovic, Zoran"]
[Black "Olson, Hamish"]
[Result "0-1"]
[WhiteElo "2436"]
[BlackElo "2229"]
[Annotator "TA"]
[PlyCount "216"]
[EventDate "2018.07.06"]
[EventType "swiss"]
[EventCountry "SRB"]
[SourceTitle "playchess.com"]
[Source "ChessBase"]
[SourceQuality "1"]

{[%evp 24,216,6,6,8,0,7,0,19,24,17,0,0,0,0,-9,-6,-7,0,0,3,0,0,0,29,23,21,0,22,8,21,21,23,19,24,25,40,34,42,16,47,47,43,39,50,14,20,4,24,20,33,19,16,14,16,12,16,11,11,2,2,2,2,2,13,13,13,13,36,0,13,0,43,20,22,20,65,0,0,-806,-806,-806,-804,-751,-720,-1063,-1059,-1060,-1056,-1052,-1029,-1691,-1691,-1674,-1297,-2033,-1902,-4841,-4047,-2704,-2137,-4275,-5041,-4961,-3926,-29963,-29962,-29964,-29965,-29956,-29957,-29955,-29957,-29973,-29974,-29974,-29975,-29977,-29976,-29979,-29980,-29980,-29980,-29985,0,-29980,-29981,-29984,-29977,-29979,-29972,-29972,-29972,-29971,-29972,-29971,-29975,-29973,-29976,-29976,-29973,-29972,-29973,-29974,-29975,-29972,-29976,-29975,-29975,-29975,-29976,-29976,-29977,-29977,-29978,-29978,-29979,-29979,-29980,-29980,-29981,-29981,-29980,-29982,-4137,-29983,-29984,-29984,-29985,-29985,-29986,-29987,-29988,-29988,-29989,-29989,-29989,-29989,-29989,-29990,-29990,-29991,-29992,-29992,-29992,-29993,-29994,-29994,-29995,-29995,-29996,-29996,-29997,-29997,-29998]} 1. Nf3 d5 2. g3 Bg4 3. Bg2 c6 4. c4 e6 5. cxd5 Bxf3 6. Bxf3 cxd5 7. O-O Nc6 8. d4 Nf6 9. Nc3 Be7 {A11: English Opening: 1...c6} 10. e3 (10. b3 O-O 11. Bb2 a6 12. e3 Qa5 13. a3 Rfc8 14. Qe2 b5 15. Rfc1 Qb6 16. Qd1 Rc7 17. Ne2 {½-½ (44) Duda,J (2717)-Ni,H (2671) Riadh 2017}) 10... O-O 11. Qe2 Rc8 12. Rd1 a6 13. Bd2 {LiveBook: 5 Games} Nd7 14. Rac1 Nb6 15. Be1 Bf6 16. Bg2 Re8 {[#]} 17. a3 $146 ({Predecessor:} 17. Qg4 g6 18. Bf1 Bg7 19. Bd3 {½-½ (19) Ponkratov,P (2591)-Postny,E (2569) Mali Losinj 2017}) 17... Re7 18. Qd3 Rec7 19. Qb1 g6 20. h4 Qf8 21. Ne2 Be7 22. Nf4 Bd6 23. Nd3 Nb8 24. Rxc7 Rxc7 25. Bf3 N8d7 26. h5 Rc8 27. hxg6 hxg6 28. Kg2 Qe7 29. Rc1 Rxc1 30. Qxc1 Qf8 31. Kf1 (31. e4 {with more complications.} Qe8 32. e5 Be7 33. a4 Qd8 34. Ba5) 31... Qc8 32. Qxc8+ Nxc8 33. a4 Kf8 34. e4 Ne7 35. Nb4 {[%cal Re4d5]} a5 36. Nc2 dxe4 37. Bxe4 b6 38. Ne3 Nf6 39. Bf3 Nfd5 40. Nc4 Bc7 41. Ke2 Nc6 42. Bc3 Ke7 43. Ne3 Kd6 44. Kd3 Bd8 45. Kc4 {[%cal Re3d5]} Nc7 46. Kd3 {[#] Strongly threatening Nc4+.} Nd5 47. Kc4 {[%cal Re3d5]} Nc7 48. Bg2 f5 49. f4 Ne7 50. b4 (50. Kd3 $14 Ned5 51. Nc4+ Ke7 52. Bd2) 50... Ned5 $11 51. bxa5 $2 {[%mdl 8192] [#]} (51. Nxd5 $11 b5+ 52. Kd3 exd5 53. bxa5) 51... Nxe3+ $19 52. Kd3 Nxg2 53. axb6 Na6 54. a5 Kd5 55. Ke2 Ke4 56. Bd2 Kxd4 57. Kf2 Kd3 58. Bc1 Be7 59. Kxg2 Bb4 60. Kh3 Bxa5 61. b7 Bc7 62. Ba3 e5 63. fxe5 Bxe5 64. Bc1 Ke4 65. Kh4 Kf3 66. Kg5 Bxg3 67. Kxg6 Ke4 68. Kf6 f4 69. Bxf4 Bxf4 70. b8=Q Nxb8 71. Ke6 Nc6 72. Kf6 Nd4 73. Kg6 Nc6 74. Kf6 Be5+ 75. Ke6 Nd4+ 76. Ke7 Kf5 {[%cal Be4f5,Bf5f6,Bf6e6,Be6e7,Be7d6,Bd6d7,Bd7c6][%mdl 32]} 77. Kd7 Kf6 78. Kc8 Bd6 79. Kd8 Ke6 80. Kc8 Ke7 81. Kb7 Bb4 82. Kc7 Ba5+ 83. Kc8 Kd6 84. Kb7 Kd7 85. Ka6 Bd8 86. Kb7 Bc7 87. Ka8 Kc6 88. Ka7 Ne6 {[%cal Bd4e6,Be6c5,Bc5d7,Bd7b6,Bb6d5,Bd5b4][%mdl 32]} 89. Ka8 Nc5 90. Ka7 Nd7 91. Ka8 Nb6+ 92. Ka7 Bd6 93. Ka6 Bb8 94. Ka5 Nd5 {Black mates.} 95. Ka4 Kc5 96. Kb3 Nb4 97. Kc3 Bf4 {[%cal Bb8f4,Bf4d2,Bd2e3,Be3b6,Bb6c5,Bc5b4][%mdl 32]} 98. Kb3 Bd2 99. Ka4 Kc4 100. Ka5 Be3 101. Ka4 Bb6 102. Ka3 Nd3 103. Ka4 Nb2+ 104. Ka3 Kc3 105. Ka2 Kc2 106. Ka3 Bc5+ 107. Ka2 Nd3 108. Ka1 Bb4 {Precision: White = 42%, Black = 62%.} 0-1

[Event "XI Paracin Festival 2018"]
[Site "Paracin"]
[Date "2018.07.09"]
[Round "4"]
[White "Gukesh D"]
[Black "Harvey, Marcus R"]
[Result "1-0"]
[WhiteElo "2433"]
[BlackElo "2362"]
[Annotator "TA"]
[PlyCount "103"]
[EventDate "2018.07.06"]
[EventType "swiss"]
[EventCountry "SRB"]
[SourceTitle "playchess.com"]
[Source "ChessBase"]
[SourceQuality "1"]

{[%evp 18,103,16,8,28,20,29,29,33,30,85,66,91,82,90,81,86,60,65,61,53,59,60,59,51,56,80,81,86,85,89,73,83,79,65,81,88,44,81,38,38,36,46,0,12,0,0,1,27,32,29,-10,0,-69,-42,-53,0,0,1095,1072,1124,952,1145,1143,1145,1122,1139,1132,1067,1020,5297,5361,5376,5271,2745,1937,29981,29982,29983,29984,29986,29986,29987,29987,29988,29987,29991,29992]} 1. Nf3 Nf6 2. g3 d5 3. Bg2 c6 4. O-O Bf5 5. d3 e6 6. Nh4 Bg4 {A07: Barcza-System (Königsfianchetto mit möglichen Übergängen in andere Systeme)} 7. h3 Bh5 8. Qe1 Be7 9. f4 Nfd7 10. Nf3 {LiveBook: 15 Partien} Bg6 (10... Bxf3 11. Bxf3 O-O 12. e4 dxe4 13. dxe4 e5 14. Nd2 {0-1 (41) Nisipeanu,L (2672)-Wojtaszek,R (2737) Antalya 2017}) 11. e4 dxe4 12. dxe4 Na6 13. Nc3 Nb4 (13... O-O $11) 14. Rf2 {Droht a3 und aus.} Bc5 $146 15. Be3 Bxe3 16. Qxe3 {[#] zielt auf f5 ab.} Qb6 17. Qe2 {f5 ist eine echte Drohung.} O-O 18. Nh4 f6 19. Nxg6 hxg6 20. Rd1 Rfd8 21. Kh2 Qc5 22. a3 Na6 23. e5 f5 24. Rf3 {Droht stark Tfd3.} Nb6 25. Rfd3 Rxd3 26. Qxd3 Nc7 27. Ne2 Qc4 28. b3 (28. Qd2 {feels hotter.} a5 29. Ng1 Ncd5 30. Nf3 Qc5 31. Nd4) 28... Qxd3 29. Rxd3 Kf7 30. Ng1 a5 31. a4 Ke7 32. Nf3 $36 {[%mdl 2048] Weiss hat Initiative.} Rd8 33. Rxd8 Kxd8 $11 {[%mdl 4096] Endspiel KLS-KSS} 34. Nh4 Ncd5 35. Nxg6 (35. Bxd5 $11 Nxd5 36. Nf3 (36. Nxg6 Nb4 $11)) 35... Ne3 $15 36. c3 Nxg2 (36... Nd7 $15) 37. Kxg2 $11 Nxa4 $2 {[%mdl 8192]} (37... Nd5 $11) 38. bxa4 $15 {KS-KB} b5 39. Nh4 bxa4 {[#]} 40. Nf3 $1 Kc7 41. g4 a3 42. Nd4 a2 43. Nc2 Kb6 44. gxf5 exf5 45. Kf3 Kc5 46. Ke3 g5 47. fxg5 {Weiß setzt Matt.} f4+ 48. Kd3 f3 49. g6 f2 50. Ke2 Kc4 51. g7 Kxc3 52. g8=Q {Precision: Weiß = 79%, Schwarz = 41%.} 1-0

[Event "XI Paracin Festival 2018"]
[Site "Paracin"]
[Date "2018.07.09"]
[Round "4"]
[White "Ivic, Velimir"]
[Black "Sredojevic, Ivan"]
[Result "1-0"]
[WhiteElo "2432"]
[BlackElo "2298"]
[Annotator "TA"]
[PlyCount "157"]
[EventDate "2018.07.06"]
[EventType "swiss"]
[EventCountry "SRB"]
[SourceTitle "playchess.com"]
[Source "ChessBase"]
[SourceQuality "1"]

{[%evp 25,157,0,102,100,96,91,100,85,91,100,222,212,197,212,216,223,203,222,188,204,235,240,236,227,265,252,243,230,229,233,227,222,220,204,208,170,178,178,188,180,169,175,187,174,189,181,198,189,181,118,240,236,231,200,200,190,197,191,188,136,138,140,135,126,213,128,140,127,145,153,187,189,223,223,210,174,170,120,129,129,570,565,559,108,87,0,0,0,0,0,39,39,39,39,39,39,68,68,2050,2509,2279,1231,1400,68,68,68,699,68,68,0,569,0,68,68,68,68,29957,29952,29955,29946,11168,6406,29973,29974,29969,29974,29971,29976,29976,29977,29977,29978,29981,29971]} 1. e4 d6 2. d4 Nf6 3. Nc3 e5 4. Nf3 Nbd7 5. Bc4 Be7 6. a4 O-O 7. O-O c6 8. h3 a5 9. Re1 Nb6 {C41: Philidor Defence} (9... Re8 10. Ba2 Bf8 11. Be3 Qc7 12. Ng5 Re7 13. f4 b6 14. fxe5 dxe5 15. d5 cxd5 16. exd5 {1-0 (16) Wang,H (2709)-Ivanchuk,V (2726) Huaian 2017}) 10. Ba2 Nfd7 11. Be3 exd4 12. Nxd4 Nc5 13. Qh5 g6 {LiveBook: 5 Games} (13... Ncxa4 $11 {keeps the balance.} 14. Nxa4 Nxa4) 14. Qh6 $16 {And now Nf5 would win.} Bf6 15. Nf3 $1 {[%cal Rf3g5] Black must now prevent Ng5.} Bg7 16. Qf4 Qe7 17. Red1 $146 ({Predecessor:} 17. Rad1 Nbxa4 18. Nxa4 Nxa4 {½-½ (127) Lyell,M (2296)-Sredojevic,I (2318) Budapest 2018}) 17... Be5 (17... Be6 $16 {is a better defense.}) 18. Nxe5 $18 dxe5 19. Qh6 Be6 20. Bxe6 fxe6 21. b3 Nbd7 22. Rd2 Nf6 23. Qg5 Ncd7 24. Rad1 Qg7 25. f3 Rf7 26. Qh6 Qxh6 27. Bxh6 Re7 28. g4 Nc5 29. Kg2 Rd7 30. Rxd7 Nfxd7 31. h4 Kf7 32. Kf2 Ke8 33. Ke2 Kd8 34. Rh1 Rb8 35. h5 b5 36. hxg6 hxg6 37. Ra1 (37. Bd2 $18) 37... bxa4 (37... b4 $16 {keeps fighting.}) 38. Nxa4 Na6 39. Bd2 Nb4 40. Bxb4 axb4 {[%mdl 4096] Endgame KRN-KRN} 41. Rh1 Ke7 42. Rh7+ (42. Nb2 $18) 42... Kd6 $16 43. Nb2 Nb6 44. Rg7 Rh8 (44... c5 $16) 45. Nd3 ({Don't take} 45. Rxg6 $6 Rh2+ 46. Kd3 Rh3 $14) 45... Rh2+ 46. Nf2 $1 c5 47. Rxg6 c4 48. Rg8 cxb3 49. cxb3 Nd7 50. Ke3 Nc5 51. g5 {[%cal Bg4g5,Bg5g6][%mdl 32]} Nxb3 52. g6 $1 {[%cal Rg6g7]} Ke7 $2 {[%mdl 8192]} (52... Rg2 $16 {is a better chance.} 53. g7 Ke7) 53. Ng4 $18 Rg2 54. Rg7+ $2 (54. Nxe5 $18 Na1 55. Kf4) 54... Kd6 $16 55. Rh7 (55. Rb7 $16 Nc1 56. Nf2) 55... Nc1 $11 {[%csl Gc1][%cal Rg2e2]} 56. Rh2 Rxh2 57. Nxh2 {Hoping for g7. KN-KN} b3 58. Kd2 b2 59. Kc2 {g7 is the strong threat.} Ke7 60. Kxb2 Ne2 61. Ng4 Ng1 $2 {[%mdl 8192]} (61... Nf4 $14) 62. Nxe5 $18 Kf6 63. Kc2 Nh3 64. Kd2 $2 ({White should play} 64. Kd3 $18 Nf4+ 65. Kd4) 64... Nf4 $1 $14 65. Ke3 Ng2+ $2 {[%mdl 8192]} (65... Nh5 $14) 66. Kd4 $2 (66. Kd3 $1 $18 {[%cal Rd3c3] Strongly threatening Kc3.} Nf4+ 67. Kd4) 66... Nf4 67. Ke3 $2 {[%mdl 8192]} (67. g7 $14 Kxg7 68. Nd3) 67... Ng2+ $18 68. Kd4 $2 ({White has to play} 68. Kd3 $1 $18 {[%cal Rd3c3] Threatens to win with Kc3.} Nf4+ 69. Kd4) 68... Nf4 $14 69. Kc5 {aiming for Kd6.} Nh5 $1 70. Kd6 Ng7 $2 {[%mdl 8192]} (70... Nf4 $14 71. g7 Kxg7) 71. f4 Nh5 {[#]} 72. Nd3 $1 Ng7 73. Nc5 Ne8+ 74. Kd7 {White mates.} Ng7 {[#]} 75. Nxe6 $1 {[%mdl 512]} Nxe6 76. e5+ Kf5 77. Ke7 Nxf4 78. g7 Ng6+ 79. Ke8 {Precision: White = 65%, Black = 42%.} 1-0

[Event "XI Paracin Festival 2018"]
[Site "Paracin"]
[Date "2018.07.09"]
[Round "4"]
[White "Radovanovic, Nikola"]
[Black "Georgiev, Kiril"]
[Result "1/2-1/2"]
[WhiteElo "2425"]
[BlackElo "2596"]
[Annotator "ChessBase"]
[PlyCount "48"]
[EventDate "2018.07.06"]
[EventType "swiss"]
[EventCountry "SRB"]
[SourceTitle "playchess.com"]
[Source "ChessBase"]
[SourceQuality "1"]
[TimeControl "5400+30"]

1. e4 {[%emt 0:00:20]} c6 {[%emt 0:05:26]} 2. d4 {[%emt 0:00:55]} d5 {[%emt 0:00:08]} 3. Nd2 {[%emt 0:00:30]} dxe4 {[%emt 0:00:58]} 4. Nxe4 {[%emt 0:00:08]} Bf5 {[%emt 0:00:22]} 5. Ng3 {[%emt 0:00:25]} Bg6 {[%emt 0:00:09]} 6. h4 {[%emt 0:00:05]} h6 {[%emt 0:00:34]} 7. Nf3 {[%emt 0:00:11]} Nd7 {[%emt 0:04:00]} 8. h5 {[%emt 0:00:15]} Bh7 {[%emt 0:00:07]} 9. Bd3 {[%emt 0:00:09]} Bxd3 {[%emt 0:00:07]} 10. Qxd3 {[%emt 0:00:05]} Ngf6 {[%emt 0:00:11]} 11. Bd2 {[%emt 0:00:24]} e6 {[%emt 0:00:40]} 12. O-O-O {[%emt 0:00:09]} Qc7 {[%emt 0:00:40]} 13. Kb1 {[%emt 0:08:14]} Bd6 {[%emt 0:07:04]} 14. Ne4 {[%emt 0:01:41]} Nxe4 {[%emt 0:02:37]} 15. Qxe4 {[%emt 0:00:05]} Nf6 {[%emt 0:00:14]} 16. Qe2 {[%emt 0:00:30]} O-O-O {[%emt 0:00:11]} 17. c4 {[%emt 0:03:04]} c5 {[%emt 0:04:03]} 18. Bc3 {[%emt 0:03:03]} cxd4 {[%emt 0:07:57]} 19. Nxd4 {[%emt 0:02:16]} a6 {[%emt 0:00:16]} 20. Rc1 {[%emt 0:11:51]} Kb8 {[%emt 0:03:03]} 21. Nb3 {[%emt 0:06:53]} Qc6 {[%emt 0:04:57]} 22. c5 {[%emt 0:04:00]} Bc7 {[%emt 0:04:49]} 23. Rh4 {[%emt 0:01:42]} Rd7 {[%emt 0:09:59]} 24. Ba5 {[%emt 0:22:11]} Rhd8 {[%emt 0:05:36]} 1/2-1/2

[Event "XI Paracin Festival 2018"]
[Site "Paracin"]
[Date "2018.07.09"]
[Round "4"]
[White "Lajthajm, Borko"]
[Black "Bergsson, Stefan"]
[Result "1-0"]
[WhiteElo "2422"]
[BlackElo "2192"]
[Annotator "TA"]
[PlyCount "73"]
[EventDate "2018.07.06"]
[EventType "swiss"]
[EventCountry "SRB"]
[SourceTitle "playchess.com"]
[Source "ChessBase"]
[SourceQuality "1"]

{[%evp 11,73,-39,-10,-15,1,0,3,-110,-119,-189,-144,-134,-137,-292,-276,-316,-335,-310,-279,-331,-343,-304,-226,-216,-222,-210,-223,-247,-212,-227,-220,-220,-175,-157,-159,-197,0,0,0,0,0,0,923,0,0,0,866,872,930,922,922,920,920,920,919,919,885,911,911,911,907,907,5206,889]} 1. d4 d5 2. Nf3 Nf6 3. Bg5 c5 4. dxc5 (4. e3 Nc6 5. Nbd2 Bg4 6. dxc5 e6 7. c4 Bxc5 8. cxd5 Qxd5 9. Bxf6 gxf6 10. Bc4 Qh5 11. Qb3 O-O-O 12. Bb5 {0-1 (20) Sjugirov,S (2650)-Aronian,L (2805) Riadh 2017}) 4... Nc6 5. c3 Ne4 $146 ({Predecessor:} 5... a5 6. Na3 Nh5 7. Be3 e5 8. Nb5 Be7 9. Qxd5 Be6 10. Qxd8+ Rxd8 11. Nc7+ Kd7 12. Nxe6 Kxe6 13. Ng5+ Bxg5 14. Bxg5 f6 15. Be3 f5 16. f3 {½-½ (16) Tsepennikova,T (2124)-Kron,V (2420) Berdsk 2008}) 6. Be3 {D03: 1 d4 d5 2 Nf3 Nf6 3 Bg5, including Torre Attack with early ...d5} e6 {[%mdl 1024] LiveBook: 7 Games. Black has compensation.} 7. b4 {[%cal Bb2b4,Bb4b5][%mdl 32]} a5 8. b5 {The position is equal.} Ne7 9. g4 (9. Nbd2 $1 $11 {keeps the balance.} Nxc3 10. Qb3) 9... h5 $1 $17 {[%cal Bh7h5,Bh5g4,Bg4g3][%mdl 32]} 10. Nfd2 (10. Nbd2 $17 Nxd2 11. Qxd2) 10... Nxd2 $19 11. Nxd2 hxg4 12. Bd4 $2 (12. Qa4 $17 {is a better defense.}) 12... Ng6 $1 13. Qa4 e5 14. Be3 f5 $1 {[%cal Bf7f5,Bf5f4][%mdl 32]} 15. f3 f4 16. Bg1 g3 {And now ...Qg5 would win.} 17. O-O-O Qg5 {Threatens to win with ...g2.} 18. h4 Rxh4 19. Rxh4 Nxh4 20. Qb3 Be6 21. Ne4 Qg6 (21... dxe4 22. Qxe6+ Qe7 23. Qg4 $11) 22. Rxd5 g2 23. Bxg2 Bxd5 $2 ({Don't go for} 23... Qxg2 $2 24. Rxe5 O-O-O 25. Qxe6+ Kb8 26. Rd5 $18) ({Black should play} 23... Be7 $1 $19 24. Qd1 Bxd5 25. Qxd5 Kf8 26. Qxe5 (26. Qxb7 $2 Rd8 $19) 26... Nxg2) 24. Qxd5 $11 {Hoping for Bh3.} Nxg2 25. Qxe5+ Kd7 {...Qe6 is the strong threat.} ({Of course not} 25... Be7 $6 26. c6 $1 $16 {[%mdl 512]}) 26. Qd5+ Kc7 $2 {[%mdl 8192] [#]} (26... Ke8 $11) 27. Qe5+ $2 (27. Nd6 $1 $18 {[%mdl 512]} Bxd6 28. cxd6+ Qxd6 29. b6+ Kd7 30. Qxb7+ Ke6 31. Qxa8) 27... Kd7 $2 {[%mdl 8192]} (27... Kc8 $11) 28. Qd5+ $18 Kc7 {[#] Strongly threatening ...Rd8.} 29. Nd6 $1 {[%mdl 512] White is clearly winning.} Bxd6 30. cxd6+ Qxd6 31. b6+ Kd7 32. Qxb7+ Ke6 33. Qxa8 Qa3+ 34. Kb1 Qxc3 35. Qe4+ Kd6 36. b7 Qe1+ 37. Kc2 {Precision: White = 43%, Black = 66%.} (37. Kb2 $142 Kc7 38. Qe7+ Kb8 39. Qe5+ Kxb7 40. Qxg7+ Kc6 41. Qh6+ Kb7 42. Qb6+ Kc8 43. Qa6+ Kd7 44. Qd3+ Kc6 45. Qc4+ Kd7 46. Qd3+ Kc6 47. Qc4+ Kd7 48. Qd3+) 1-0

[Event "XI Paracin Festival 2018"]
[Site "Paracin"]
[Date "2018.07.09"]
[Round "4"]
[White "Stankovic, Milos"]
[Black "Savic, Miodrag R"]
[Result "1-0"]
[WhiteElo "2420"]
[BlackElo "2541"]
[Annotator "TA"]
[PlyCount "95"]
[EventDate "2018.07.06"]
[EventType "swiss"]
[EventCountry "SRB"]
[SourceTitle "playchess.com"]
[Source "ChessBase"]
[SourceQuality "1"]

{[%evp 9,95,9,14,11,10,-16,-14,-16,-16,-10,-10,-14,-10,-16,-4,-106,-14,-14,0,0,0,0,0,6,16,17,20,14,40,27,102,95,97,66,66,66,83,84,97,83,91,77,94,70,70,70,70,70,70,70,70,70,70,70,70,70,70,70,97,70,70,74,147,70,70,0,133,133,164,67,67,68,76,72,61,66,46,13,25,0,1318,1235,1841,1699,2013,1642,12840,12840]} 1. e4 d5 2. exd5 Qxd5 3. Nc3 Qd8 4. Bc4 c5 (4... c6 5. d4 Bf5 6. Nf3 e6 7. Qe2 Nd7 8. Bf4 Bb4 9. a3 Be7 10. h3 Ngf6 11. O-O-O b5 12. Bb3 {0-1 (53) Savchenko,B (2585)-Levin,E (2545) Sochi 2017}) 5. Nf3 Nc6 6. Bb5 {B01: Scandinavian Defence} Bd7 7. d4 (7. O-O {looks sharper.} e6 8. Re1 Nf6 9. Bxc6 Bxc6 10. Ne5) 7... cxd4 8. Nxd4 {The position is equal.} Nxd4 9. Qxd4 Bxb5 10. Qxd8+ Rxd8 11. Nxb5 a6 $146 {[%cal Ra6b5]} 12. Nc7+ Kd7 13. Nd5 $1 e6 14. Nb6+ Kc7 15. Be3 Nf6 16. Nc4 {[#] Strongly threatening Bb6+.} Nd5 17. Ne5 Nxe3 18. fxe3 Rd5 19. Nxf7 Bb4+ (19... Rg8 $1 $11) 20. c3 $16 Rf8 21. cxb4 (21. e4 {keeps more tension.} Rh5 22. g4 Rb5 23. a4 Rb6 24. Rf1) 21... Rxf7 {[%mdl 4096] Endgame KRR-KRR} 22. Ke2 Rb5 23. a3 a5 24. Rhf1 Rd7 25. Rac1+ Kb6 26. Rfd1 Rxd1 27. Rxd1 axb4 $14 {KR-KR} 28. Rd6+ Kc7 29. Rxe6 bxa3 30. bxa3 {And now Re7+ would win.} Kd7 31. Re4 Ra5 32. Rb4 b5 33. Rb3 Kc6 34. Kd3 Ra4 35. e4 Kc5 (35... Kd6 $142) 36. Rc3+ ({Better is} 36. Ke3 $16) 36... Kd6 37. Rb3 (37. g3 $14) 37... Kc5 $16 38. Ke3 Rc4 39. Rd3 (39. h4 $18) 39... Rc2 $1 $14 40. Kf3 Kc4 41. Re3 Kd4 42. e5 Rc7 $1 43. e6 Re7 44. Kf4 {[#] Hoping for Re5.} Kd5 $2 {[%mdl 8192]} (44... g5+ $11 45. Kf3 h6) 45. Kf5 $18 {White is clearly winning.} Kd6 46. Rd3+ Kc6 47. Ke5 Kc7 48. Rd7+ {Precision: White = 64%, Black = 60%.} 1-0

[Event "XI Paracin Festival 2018"]
[Site "Paracin"]
[Date "2018.07.09"]
[Round "4"]
[White "Djordjevic, Vuk"]
[Black "Cerovic, Danilo"]
[Result "0-1"]
[WhiteElo "2403"]
[BlackElo "2294"]
[Annotator "NA"]
[PlyCount "84"]
[EventDate "2018.07.06"]
[EventType "swiss"]
[EventCountry "SRB"]
[SourceTitle "playchess.com"]
[Source "ChessBase"]
[SourceQuality "1"]
[TimeControl "5400+30"]

1. d4 {[%emt 0:00:00]} e6 {[%emt 0:04:11]} 2. Nf3 {[%emt 0:00:02]} Nf6 {[%emt 0:00:10]} 3. Bf4 {[%emt 0:00:12]} b6 {[%emt 0:00:42]} 4. e3 {[%emt 0:00:28]} Bb7 {[%emt 0:00:07]} 5. Nbd2 {[%emt 0:01:23]} d6 {[%emt 0:06:39]} 6. h3 {[%emt 0:03:44]} Nbd7 {[%emt 0:01:11]} 7. Bg3 {[%emt 0:03:49]} g6 {[%emt 0:05:15]} 8. Be2 {[%emt 0:08:32]} Bg7 {[%emt 0:01:02]} 9. O-O {[%emt 0:06:03]} O-O {[%emt 0:06:49]} 10. c4 {[%emt 0:04:57]} Qe7 {[%emt 0:01:02]} 11. Qc2 {[%emt 0:08:58]} e5 {[%emt 0:08:29]} 12. dxe5 {[%emt 0:09:46]} dxe5 {[%emt 0:02:01]} 13. a3 {[%emt 0:08:29]} c5 {[%emt 0:08:25]} 14. a4 {[%emt 0:02:01]} e4 {[%emt 0:08:55]} 15. Nh2 {[%emt 0:01:03]} Ne5 {[%emt 0:01:59]} 16. Nb1 {[%emt 0:01:43]} Nc6 {[%emt 0:08:45]} 17. Rd1 {[%emt 0:01:35]} Rfd8 {[%emt 0:02:23]} 18. Nc3 {[%emt 0:01:15]} Nb4 {[%emt 0:04:44]} 19. Qb3 {[%emt 0:00:42]} Nh5 {[%emt 0:07:46]} 20. Bxh5 {[%emt 0:02:51]} gxh5 {[%emt 0:00:28]} 21. Nf1 {[%emt 0:09:38]} Rd3 {[%emt 0:03:06]} 22. Rxd3 {[%emt 0:04:29]} exd3 {[%emt 0:01:02]} 23. Qd1 {[%emt 0:04:16]} Qg5 {[%emt 0:02:09]} 24. Nd2 {[%emt 0:04:06]} Rd8 {[%emt 0:04:58]} 25. e4 {[%emt 0:06:43]} Nc2 {[%emt 0:02:20]} 26. h4 {[%emt 0:02:58]} Qg4 {[%emt 0:02:58]} 27. Rb1 {[%emt 0:01:33]} Nd4 {[%emt 0:01:32]} 28. Qxg4 {[%emt 0:02:03]} hxg4 {[%emt 0:00:02]} 29. Kf1 {[%emt 0:00:28]} f5 {[%emt 0:01:02]} 30. Rd1 {[%emt 0:00:40]} Bh6 {[%emt 0:01:02]} 31. Nd5 {[%emt 0:00:26]} Bxd2 {[%emt 0:00:21]} 32. Rxd2 {[%emt 0:00:11]} fxe4 {[%emt 0:00:17]} 33. Nf6+ {[%emt 0:00:24]} Kf7 {[%emt 0:00:09]} 34. Nxg4 {[%emt 0:00:22]} Ke6 {[%emt 0:01:14]} 35. Ne3 {[%emt 0:01:04]} Bc6 {[%emt 0:00:33]} 36. a5 {[%emt 0:00:23]} Nb3 {[%emt 0:00:09]} 37. Rd1 {[%emt 0:00:04]} Nxa5 {[%emt 0:00:24]} 38. Ra1 {[%emt 0:00:43]} Rd4 {[%emt 0:01:22]} 39. b3 {[%emt 0:00:44]} Nxb3 {[%emt 0:01:00]} 40. Rxa7 {[%emt 0:00:01]} Nd2+ {[%emt 0:00:11]} 41. Ke1 {[%emt 0:00:27]} Nxc4 {[%emt 0:00:03]} 42. Kd1 {[%emt 0:00:11]} Ba4+ {[%emt 0:00:23]} 0-1